000
00413nam a2200145Ia 4500
008
100204s9999 xx 000 0 und d
082
_b
23296
100
_a
पै शिरिष
245
_a
कोलाज
260
_b
"मेहता पब्लिशिंग हाऊस , पुणे"
_c
1998
300
_a
132
630
_a
कोलाज
730
_a
कोलाज
942
_c
BOOK
999
_c
468406
_d
468403